01428cam a22003977i 450000100090000000300040000900500170001300800410003001000170007102000180008802000150010603500130012103500220013404000400015604200140019604300120021005000240022208200220024610000330026824500670030125000230036826400620039130000520045333600260050533600330053133700280056433800270059250400610061950500950068060000300077565000360080565000330084165000370087465500800091170000390099121394969OSt20251118135303.0200122e2018 pn a grb 000 0bspa d a 2019447704 a9789962129073 a9962129079 a21394969 a(OCoLC)1123170616 aAZUbspaerdadTEFdOCLCFdOCLcDLC alccopycat ancpn---00aND287.C35bK86 201804a709.207.287bK95c1 aKupfer, Mónica E.,eautora10aCoqui Calderón :buna vida de artista /cMónica E. Kupfer. aPrimera edición. 1aRepública de Panamá :bSello de Agua Editores,c2018. a151 páginas :bilustraciones a color ;c29 cm atextbtxt2rdacontent astill imagebsti2rdacontent aunmediatedbn2rdamedia avolumebnc2rdacarrier aIncluye referencias bibliográficas: páginas 146-151. 0aCoqui Calderón: una vida de artista -- Obras -- Las estaciones de Coqui -- Cronología.10aCalderón, Coqui,d1937- 0aPintoreszPanamávBiografía 4aArte panameñovcatálogos 4aPintura panameñavexposiciones 7aBiographies.2lcgft0https://id.loc.gov/authorities/genreForms/gf20140260491 aCalderón, Coqui,d1937-eartista